00985cam a22002654a 450000100090000000300050000900500170001400800410003101000170007202000180008902000150010704000180012205000210014008200080016110000190016924500810018825000170026926000470028630000550033350000410038865000120042985600810044185600910052285601060061314650935PILC20150908102538.0061130s2008 cauab b 001 0 eng  a 2006939406 a9780534466695 a0534466699 aDLCcDLCdDLC00aQK 47b.B48 200800a5801 aBerg, Linda R.10aIntroductory botany :bplants, people, and the environment /cLinda R. Berg. a2nd edition. aBelmont, CA :bThomson Brooks/Cole,c2008. axxvii, 622 pages :bcolor illustrationos ;c28 cm. aIncludes bibliographical references. 0aBotany.413Table of contents onlyuhttp://www.loc.gov/catdir/toc/fy0714/2006939406.html423Publisher descriptionuhttp://www.loc.gov/catdir/enhancements/fy1104/2006939406-d.html423Contributor biographical informationuhttp://www.loc.gov/catdir/enhancements/fy1312/2006939406-b.html